Final announcenmet and call for papers /

Na minha lista:
Detalhes bibliográficos
Autores corporativos: UNA, Swedish International Development Cooperation Agency. Department for Research Cooperation SIDA SAREC
Formato: Texto
Publicado em: Heredia: UNA
Tags: Adicionar Tag
Sem tags, seja o primeiro a adicionar uma tag!

MARC

LEADER 00000 a a2200000 04500
001 22836
003
040
090 |a 157300  
110 |a UNA  
245 |a Final announcenmet and call for papers /  |c UNA  
260 |a Heredia:   |b UNA  
300 |a 21 p.  
710 |a Swedish International Development Cooperation Agency. Department for Research Cooperation   |a SIDA   |a SAREC  
999 |c 17324  |d 17324